[Event "DEM U18 2022"]
[Site "Willingen GER"]
[Date "2022.06.05"]
[Round "1"]
[White "Kölle, Tobias"]
[Black "Jeschke, Jan"]
[Result "1-0"]
[Termination "normal"]
[Board "1"]
[WhiteTitle "FM"]
[WhiteElo "2443"]
[BlackElo "2125"]
[WhiteClock "00:12:27"]
[BlackClock "00:00:35"]
[PlyCount "63"]
[WhiteFideId "16207378"]
[BlackFideId "16225430"]
[EventCountry "GER"]
[EventRounds "9"]
[EventType "swiss"]
[EventDate "2022.06.04"]

1. d4 {[%clk 1:30:58]} Nf6 {[%clk 1:30:45]} 2. c4 {[%clk 1:31:22]} e5 {[%clk
1:30:56]} 3. dxe5 {[%clk 1:31:44]} Ng4 {[%clk 1:31:19]} 4. Bf4 {[%clk 1:30:58]}
Nc6 {[%clk 1:31:25]} 5. Nf3 {[%clk 1:31:17]} Bb4+ {[%clk 1:31:27]} 6. Nbd2
{[%clk 1:31:36]} Qe7 {[%clk 1:31:11]} 7. a3 {[%clk 1:31:36]} Ngxe5 {[%clk
1:31:02]} 8. Nxe5 {[%clk 1:32:01]} Nxe5 {[%clk 1:31:16]} 9. e3 {[%clk 1:32:29]}
Bxd2+ {[%clk 1:30:55]} 10. Qxd2 {[%clk 1:32:57]} d6 {[%clk 1:28:12]} 11. Be2
{[%clk 1:33:08]} O-O {[%clk 1:28:00]} 12. O-O {[%clk 1:33:29]} a5 {[%clk
1:25:57]} 13. b3 {[%clk 1:30:23]} b6 {[%clk 1:10:40]} 14. e4 {[%clk 1:27:53]}
Bb7 {[%clk 1:08:40]} 15. f3 {[%clk 1:28:02]} Ng6 {[%clk 0:47:23]} 16. Bg3
{[%clk 1:27:12]} Qf6 {[%clk 0:47:02]} 17. Rae1 {[%clk 1:21:41]} Rfe8 {[%clk
0:41:08]} 18. Kh1 {[%clk 1:19:16]} h5 {[%clk 0:39:59]} 19. h3 {[%clk 1:18:53]}
h4 {[%clk 0:39:43]} 20. Bh2 {[%clk 1:19:07]} Nf8 {[%clk 0:35:22]} 21. Bd3
{[%clk 1:12:38]} Ne6 {[%clk 0:33:33]} 22. e5 {[%clk 1:09:24]} dxe5 {[%clk
0:28:26]} 23. Bxe5 {[%clk 1:09:07]} Qd8 {[%clk 0:28:30]} 24. Rd1 {[%clk
0:54:19]} c5 {[%clk 0:14:15]} 25. Rfe1 {[%clk 0:23:36]} Qg5 {[%clk 0:03:54]}
26. Re3 {[%clk 0:17:30]} a4 {[%clk 0:02:48]} 27. bxa4 {[%clk 0:14:21]} Bc6
{[%clk 0:01:35]} 28. Bc7 {[%clk 0:10:55]} Bxa4 {[%clk 0:00:36]} 29. Rxe6 {[%clk
0:11:05]} Qxd2 {[%clk 0:00:34]} 30. Rxe8+ {[%clk 0:11:33]} Rxe8 {[%clk
0:00:53]} 31. Rxd2 {[%clk 0:11:59]} Re1+ {[%clk 0:00:35]} 32. Kh2 {[%clk
0:12:27]} 1-0

[Event "DEM U18 2022"]
[Site "Willingen GER"]
[Date "2022.06.05"]
[Round "1"]
[White "von Mettenheim, Johannes"]
[Black "Dahl, Christoph"]
[Result "1-0"]
[Termination "normal"]
[Board "2"]
[BlackTitle "FM"]
[WhiteElo "2219"]
[BlackElo "2351"]
[WhiteClock "00:01:34"]
[BlackClock "00:02:45"]
[PlyCount "103"]
[WhiteFideId "16244818"]
[BlackFideId "16240235"]
[EventCountry "GER"]
[EventRounds "9"]
[EventType "swiss"]
[EventDate "2022.06.04"]

1. d4 {[%clk 1:30:57]} Nf6 {[%clk 1:30:53]} 2. c4 {[%clk 1:31:22]} e6 {[%clk
1:31:05]} 3. g3 {[%clk 1:31:41]} c5 {[%clk 1:31:01]} 4. d5 {[%clk 1:32:04]}
exd5 {[%clk 1:31:11]} 5. cxd5 {[%clk 1:32:26]} b5 {[%clk 1:30:40]} 6. a4 {[%clk
1:30:55]} b4 {[%clk 1:29:42]} 7. Bg2 {[%clk 1:31:15]} d6 {[%clk 1:27:49]} 8.
Nd2 {[%clk 1:12:21]} g6 {[%clk 1:25:25]} 9. Nc4 {[%clk 1:11:49]} Ba6 {[%clk
1:21:45]} 10. Qb3 {[%clk 1:12:10]} Bg7 {[%clk 1:20:33]} 11. Qe3+ {[%clk
1:11:16]} Kd7 {[%clk 1:16:58]} 12. Qf4 {[%clk 1:09:48]} Bxc4 {[%clk 1:10:19]}
13. Qxc4 {[%clk 1:10:10]} Qb6 {[%clk 1:05:23]} 14. e4 {[%clk 1:01:18]} Re8
{[%clk 1:02:42]} 15. Ne2 {[%clk 1:01:20]} Qa6 {[%clk 1:01:23]} 16. Qc2 {[%clk
1:01:41]} b3 {[%clk 0:59:18]} 17. Qxb3 {[%clk 1:01:28]} Nxe4 {[%clk 0:59:39]}
18. O-O {[%clk 1:01:16]} Kc7 {[%clk 0:54:14]} 19. Qf3 {[%clk 0:57:44]} Nd7
{[%clk 0:47:05]} 20. Qxf7 {[%clk 0:48:24]} Bf6 {[%clk 0:46:36]} 21. Qxh7 {[%clk
0:42:58]} Qxe2 {[%clk 0:46:19]} 22. Bf4 {[%clk 0:43:20]} Nd2 {[%clk 0:25:38]}
23. Rac1 {[%clk 0:29:34]} Re7 {[%clk 0:16:50]} 24. Qxg6 {[%clk 0:29:58]} Nxf1
{[%clk 0:17:11]} 25. b4 {[%clk 0:30:21]} Kd8 {[%clk 0:07:42]} 26. bxc5 {[%clk
0:20:45]} Bd4 {[%clk 0:06:28]} 27. Rxf1 {[%clk 0:17:45]} Bxc5 {[%clk 0:06:52]}
28. Bg5 {[%clk 0:18:05]} Kc7 {[%clk 0:07:16]} 29. Bxe7 {[%clk 0:18:09]} Qxe7
{[%clk 0:07:40]} 30. Qe6 {[%clk 0:15:48]} Qg7 {[%clk 0:07:02]} 31. Bh3 {[%clk
0:14:19]} Ne5 {[%clk 0:04:36]} 32. Kg2 {[%clk 0:14:41]} Rf8 {[%clk 0:04:30]}
33. Bf5 {[%clk 0:12:13]} Qg5 {[%clk 0:04:08]} 34. Be4 {[%clk 0:12:04]} Qd2
{[%clk 0:02:17]} 35. Bf5 {[%clk 0:12:07]} Qg5 {[%clk 0:02:41]} 36. Be4 {[%clk
0:10:04]} Ng4 {[%clk 0:02:40]} 37. h4 {[%clk 0:10:09]} Qg7 {[%clk 0:03:00]} 38.
Bf5 {[%clk 0:07:40]} Nf6 {[%clk 0:01:25]} 39. Bh3 {[%clk 0:06:58]} Re8 {[%clk
0:01:30]} 40. Qf5 {[%clk 0:07:23]} Qf7 {[%clk 0:01:06]} 41. Rd1 {[%clk
0:06:33]} a6 {[%clk 0:00:48]} 42. Rd3 {[%clk 0:03:18]} Re5 {[%clk 0:00:39]} 43.
Qc8+ {[%clk 0:03:35]} Kb6 {[%clk 0:01:05]} 44. Qc6+ {[%clk 0:01:34]} Ka5 {[%clk
0:01:23]} 45. Bc8 {[%clk 0:01:55]} Qa7 {[%clk 0:00:58]} 46. Rb3 {[%clk
0:02:17]} Bb4 {[%clk 0:00:55]} 47. Rxb4 {[%clk 0:02:04]} Kxb4 {[%clk 0:01:10]}
48. Qxd6+ {[%clk 0:02:28]} Qc5 {[%clk 0:01:36]} 49. Qxe5 {[%clk 0:02:52]} Nxd5
{[%clk 0:01:59]} 50. Bxa6 {[%clk 0:01:18]} Qc6 {[%clk 0:02:22]} 51. Qe4+ {[%clk
0:01:43]} Ka5 {[%clk 0:02:45]} 52. Bd3 {[%clk 0:01:34]} 1-0

[Event "DEM U18 2022"]
[Site "Willingen GER"]
[Date "2022.06.05"]
[Round "1"]
[White "Colbow, Collin"]
[Black "Leonard, Timo"]
[Result "1/2-1/2"]
[Termination "normal"]
[Board "3"]
[WhiteTitle "FM"]
[WhiteElo "2345"]
[BlackElo "2018"]
[WhiteClock "00:02:54"]
[BlackClock "00:01:20"]
[PlyCount "90"]
[WhiteFideId "16201132"]
[BlackFideId "16208757"]
[EventCountry "GER"]
[EventRounds "9"]
[EventType "swiss"]
[EventDate "2022.06.04"]

1. Nf3 {[%clk 1:30:53]} d5 {[%clk 1:30:15]} 2. b3 {[%clk 1:30:15]} Nf6 {[%clk
1:28:06]} 3. Bb2 {[%clk 1:30:15]} Bf5 {[%clk 1:26:38]} 4. Nh4 {[%clk 1:28:55]}
e6 {[%clk 1:20:30]} 5. Nxf5 {[%clk 1:17:51]} exf5 {[%clk 1:20:55]} 6. e3 {[%clk
1:16:40]} Nbd7 {[%clk 1:16:06]} 7. Qf3 {[%clk 1:09:14]} g6 {[%clk 0:58:11]} 8.
c4 {[%clk 1:09:12]} Bg7 {[%clk 0:55:50]} 9. cxd5 {[%clk 0:51:11]} O-O {[%clk
0:55:48]} 10. d4 {[%clk 0:40:54]} Ne4 {[%clk 0:40:50]} 11. Bc4 {[%clk 0:25:07]}
c6 {[%clk 0:31:26]} 12. dxc6 {[%clk 0:16:57]} Qa5+ {[%clk 0:30:50]} 13. Kf1
{[%clk 0:16:10]} bxc6 {[%clk 0:31:15]} 14. Qe2 {[%clk 0:10:12]} Rfe8 {[%clk
0:22:50]} 15. g3 {[%clk 0:07:27]} c5 {[%clk 0:15:36]} 16. Kg2 {[%clk 0:04:34]}
cxd4 {[%clk 0:14:29]} 17. Rd1 {[%clk 0:04:15]} Ne5 {[%clk 0:06:41]} 18. Bxd4
{[%clk 0:03:40]} Nxc4 {[%clk 0:06:59]} 19. bxc4 {[%clk 0:03:44]} Rad8 {[%clk
0:06:02]} 20. Qc2 {[%clk 0:00:45]} Bxd4 {[%clk 0:03:03]} 21. exd4 {[%clk
0:01:10]} f4 {[%clk 0:03:23]} 22. Nd2 {[%clk 0:00:40]} Qf5 {[%clk 0:02:57]} 23.
Nf3 {[%clk 0:00:33]} fxg3 {[%clk 0:02:20]} 24. hxg3 {[%clk 0:00:40]} Nxg3
{[%clk 0:01:56]} 25. Qxf5 {[%clk 0:01:09]} Nxf5 {[%clk 0:02:21]} 26. Rd2 {[%clk
0:00:35]} Re4 {[%clk 0:02:47]} 27. Rad1 {[%clk 0:00:51]} Rg4+ {[%clk 0:02:59]}
28. Kf1 {[%clk 0:00:40]} Rf4 {[%clk 0:02:32]} 29. Rd3 {[%clk 0:00:56]} g5
{[%clk 0:01:08]} 30. Nxg5 {[%clk 0:00:38]} Rfxd4 {[%clk 0:01:31]} 31. Rxd4
{[%clk 0:00:54]} Rxd4 {[%clk 0:01:55]} 32. Rxd4 {[%clk 0:00:56]} Nxd4 {[%clk
0:02:21]} 33. f4 {[%clk 0:00:33]} Ne6 {[%clk 0:01:28]} 34. Nxe6 {[%clk
0:00:31]} fxe6 {[%clk 0:01:54]} 35. Kf2 {[%clk 0:00:55]} Kf7 {[%clk 0:02:11]}
36. Kf3 {[%clk 0:01:20]} Ke7 {[%clk 0:01:01]} 37. Kg4 {[%clk 0:01:46]} Kd6
{[%clk 0:01:10]} 38. Kg5 {[%clk 0:01:44]} Kc5 {[%clk 0:01:27]} 39. Kf6 {[%clk
0:01:10]} h5 {[%clk 0:00:46]} 40. Kxe6 {[%clk 0:01:25]} h4 {[%clk 0:01:11]} 41.
f5 {[%clk 0:01:52]} h3 {[%clk 0:01:25]} 42. f6 {[%clk 0:02:18]} h2 {[%clk
0:01:47]} 43. f7 {[%clk 0:02:45]} h1=Q {[%clk 0:02:01]} 44. f8=Q+ {[%clk
0:03:08]} Kxc4 {[%clk 0:02:23]} 45. Qc8+ {[%clk 0:02:54]} Kb5 {[%clk 0:01:20]}
1/2-1/2

[Event "DEM U18 2022"]
[Site "Willingen GER"]
[Date "2022.06.05"]
[Round "1"]
[White "Weidemann, Jakob"]
[Black "Weishäutel, Moritz"]
[Result "1/2-1/2"]
[Termination "normal"]
[Board "4"]
[BlackTitle "FM"]
[WhiteElo "2047"]
[BlackElo "2407"]
[WhiteClock "00:42:27"]
[BlackClock "00:31:34"]
[PlyCount "54"]
[WhiteFideId "16255470"]
[BlackFideId "12967300"]
[EventCountry "GER"]
[EventRounds "9"]
[EventType "swiss"]
[EventDate "2022.06.04"]

1. e4 {[%clk 1:30:56]} e5 {[%clk 1:30:53]} 2. Nf3 {[%clk 1:31:19]} Nc6 {[%clk
1:31:18]} 3. Bc4 {[%clk 1:31:39]} Nf6 {[%clk 1:31:39]} 4. d3 {[%clk 1:32:00]}
h6 {[%clk 1:32:04]} 5. O-O {[%clk 1:29:33]} d6 {[%clk 1:32:23]} 6. c3 {[%clk
1:29:50]} g5 {[%clk 1:32:30]} 7. Re1 {[%clk 1:10:35]} Bg7 {[%clk 1:31:09]} 8.
a4 {[%clk 1:10:50]} g4 {[%clk 1:24:41]} 9. Nfd2 {[%clk 1:11:11]} h5 {[%clk
1:25:04]} 10. Na3 {[%clk 1:07:44]} h4 {[%clk 1:22:16]} 11. Nf1 {[%clk 1:06:34]}
Nh5 {[%clk 1:08:33]} 12. Nc2 {[%clk 1:05:52]} g3 {[%clk 1:08:01]} 13. fxg3
{[%clk 1:01:34]} hxg3 {[%clk 1:08:25]} 14. Nxg3 {[%clk 1:01:15]} Nxg3 {[%clk
1:06:20]} 15. Qf3 {[%clk 1:01:14]} Nf5 {[%clk 0:58:20]} 16. exf5 {[%clk
1:01:26]} Qh4 {[%clk 0:58:41]} 17. h3 {[%clk 0:59:48]} Ne7 {[%clk 0:45:50]} 18.
f6 {[%clk 0:52:43]} Qxf6 {[%clk 0:42:41]} 19. Qxf6 {[%clk 0:52:54]} Bxf6 {[%clk
0:43:06]} 20. Rf1 {[%clk 0:52:39]} Ng8 {[%clk 0:42:28]} 21. g4 {[%clk 0:50:23]}
Rxh3 {[%clk 0:35:31]} 22. g5 {[%clk 0:50:23]} Bxg5 {[%clk 0:35:05]} 23. Bxf7+
{[%clk 0:50:09]} Kd7 {[%clk 0:35:31]} 24. Bxg8 {[%clk 0:42:41]} Bxc1 {[%clk
0:35:50]} 25. Rf7+ {[%clk 0:42:12]} Kd8 {[%clk 0:34:38]} 26. Rf8+ {[%clk
0:42:07]} Ke7 {[%clk 0:35:03]} 27. Rf7+ {[%clk 0:42:27]} Kd8 {[%clk 0:31:34]}
1/2-1/2

[Event "DEM U18 2022"]
[Site "Willingen GER"]
[Date "2022.06.05"]
[Round "1"]
[White "Fromm, Marius"]
[Black "Hassemeier, Mika"]
[Result "1-0"]
[Termination "normal"]
[Board "5"]
[WhiteTitle "FM"]
[WhiteElo "2336"]
[BlackElo "2177"]
[WhiteClock "00:04:11"]
[BlackClock "00:01:33"]
[PlyCount "90"]
[WhiteFideId "12993190"]
[BlackFideId "12994880"]
[EventCountry "GER"]
[EventRounds "9"]
[EventType "swiss"]
[EventDate "2022.06.04"]

1. e4 {[%clk 1:30:56]} c5 {[%clk 1:30:44]} 2. Nf3 {[%clk 1:31:21]} d6 {[%clk
1:31:03]} 3. d4 {[%clk 1:31:46]} cxd4 {[%clk 1:31:10]} 4. Nxd4 {[%clk 1:32:12]}
Nf6 {[%clk 1:30:34]} 5. Nc3 {[%clk 1:32:38]} Nc6 {[%clk 1:30:16]} 6. Bg5 {[%clk
1:32:57]} e6 {[%clk 1:28:59]} 7. Qd2 {[%clk 1:33:23]} a6 {[%clk 1:28:35]} 8.
O-O-O {[%clk 1:33:47]} Bd7 {[%clk 1:27:55]} 9. f4 {[%clk 1:33:58]} b5 {[%clk
1:26:32]} 10. Bxf6 {[%clk 1:34:22]} gxf6 {[%clk 1:25:33]} 11. Kb1 {[%clk
1:33:17]} Qb6 {[%clk 1:24:06]} 12. Nxc6 {[%clk 1:33:35]} Bxc6 {[%clk 1:24:25]}
13. f5 {[%clk 1:26:18]} b4 {[%clk 1:22:45]} 14. Ne2 {[%clk 1:26:40]} e5 {[%clk
1:22:35]} 15. Ng3 {[%clk 1:26:59]} Qc5 {[%clk 1:20:40]} 16. Nh5 {[%clk
1:14:16]} Be7 {[%clk 1:20:59]} 17. Bd3 {[%clk 1:03:19]} O-O-O {[%clk 1:21:06]}
18. Qe2 {[%clk 0:46:48]} d5 {[%clk 1:12:13]} 19. exd5 {[%clk 0:45:02]} Bxd5
{[%clk 1:11:38]} 20. Ng3 {[%clk 0:38:45]} Kc7 {[%clk 0:48:45]} 21. Ne4 {[%clk
0:36:32]} Bxe4 {[%clk 0:46:18]} 22. Bxe4 {[%clk 0:36:49]} Rxd1+ {[%clk
0:44:38]} 23. Rxd1 {[%clk 0:37:18]} Rd8 {[%clk 0:34:28]} 24. Rc1 {[%clk
0:37:28]} Bf8 {[%clk 0:29:19]} 25. Qxa6 {[%clk 0:35:44]} Qb6 {[%clk 0:20:19]}
26. Qc4+ {[%clk 0:36:09]} Kb8 {[%clk 0:19:41]} 27. Qxf7 {[%clk 0:35:58]} Bh6
{[%clk 0:18:56]} 28. Re1 {[%clk 0:35:39]} Rd4 {[%clk 0:16:36]} 29. Qg8+ {[%clk
0:35:29]} Qd8 {[%clk 0:15:02]} 30. Qg4 {[%clk 0:28:45]} Bd2 {[%clk 0:13:41]}
31. Rf1 {[%clk 0:27:19]} Bc3 {[%clk 0:05:56]} 32. Qe2 {[%clk 0:25:37]} Qb6
{[%clk 0:05:26]} 33. Bd3 {[%clk 0:24:53]} Qc5 {[%clk 0:05:06]} 34. bxc3 {[%clk
0:12:53]} bxc3 {[%clk 0:03:55]} 35. Ka1 {[%clk 0:13:21]} e4 {[%clk 0:01:51]}
36. Bxe4 {[%clk 0:06:20]} Rb4 {[%clk 0:00:54]} 37. Rd1 {[%clk 0:03:29]} Rb2
{[%clk 0:01:03]} 38. Bd5 {[%clk 0:03:45]} Qb4 {[%clk 0:00:42]} 39. Qe8+ {[%clk
0:03:19]} Kc7 {[%clk 0:01:05]} 40. Qc6+ {[%clk 0:03:34]} Kb8 {[%clk 0:01:28]}
41. Qa8+ {[%clk 0:03:30]} Kc7 {[%clk 0:01:52]} 42. Qa7+ {[%clk 0:03:46]} Kd6
{[%clk 0:00:42]} 43. Be6+ {[%clk 0:03:38]} Ke5 {[%clk 0:01:07]} 44. Qe3+ {[%clk
0:03:56]} Qe4 {[%clk 0:01:33]} 45. Rd5# {[%clk 0:04:11]} Kxd5 1-0

[Event "DEM U18 2022"]
[Site "Willingen GER"]
[Date "2022.06.05"]
[Round "1"]
[White "Müller, Magnus"]
[Black "Boder, Jan"]
[Result "1/2-1/2"]
[Termination "normal"]
[Board "6"]
[BlackTitle "FM"]
[WhiteElo "2034"]
[BlackElo "2334"]
[WhiteClock "00:01:24"]
[BlackClock "00:03:34"]
[PlyCount "94"]
[WhiteFideId "16230060"]
[BlackFideId "16243226"]
[EventCountry "GER"]
[EventRounds "9"]
[EventType "swiss"]
[EventDate "2022.06.04"]

1. e4 {[%clk 1:30:14]} e5 {[%clk 1:30:50]} 2. Nf3 {[%clk 1:30:37]} Nc6 {[%clk
1:31:15]} 3. Bc4 {[%clk 1:31:00]} Nf6 {[%clk 1:31:15]} 4. d4 {[%clk 1:22:37]}
exd4 {[%clk 1:28:26]} 5. e5 {[%clk 1:21:43]} d5 {[%clk 1:28:42]} 6. Bb5 {[%clk
1:22:06]} Ne4 {[%clk 1:29:06]} 7. Nxd4 {[%clk 1:22:29]} Bd7 {[%clk 1:29:23]} 8.
Bxc6 {[%clk 1:22:40]} bxc6 {[%clk 1:29:39]} 9. O-O {[%clk 1:22:48]} Bc5 {[%clk
1:26:52]} 10. f3 {[%clk 1:23:09]} Ng5 {[%clk 1:26:39]} 11. Be3 {[%clk 1:23:34]}
Ne6 {[%clk 1:00:18]} 12. f4 {[%clk 1:20:14]} f6 {[%clk 0:53:25]} 13. Nc3 {[%clk
0:56:08]} O-O {[%clk 0:46:44]} 14. Na4 {[%clk 0:51:00]} fxe5 {[%clk 0:35:24]}
15. Nxc5 {[%clk 0:47:25]} Nxc5 {[%clk 0:35:04]} 16. Nxc6 {[%clk 0:41:44]} Bxc6
{[%clk 0:34:53]} 17. Bxc5 {[%clk 0:42:10]} Rxf4 {[%clk 0:30:20]} 18. Rxf4
{[%clk 0:34:40]} exf4 {[%clk 0:30:44]} 19. Qd4 {[%clk 0:33:38]} f3 {[%clk
0:25:50]} 20. gxf3 {[%clk 0:27:37]} Qe8 {[%clk 0:24:21]} 21. Bb4 {[%clk
0:22:32]} Qf7 {[%clk 0:22:22]} 22. Re1 {[%clk 0:20:44]} Re8 {[%clk 0:21:21]}
23. Qxa7 {[%clk 0:12:42]} Qg6+ {[%clk 0:17:11]} 24. Kh1 {[%clk 0:12:32]} d4
{[%clk 0:15:56]} 25. Rxe8+ {[%clk 0:11:17]} Qxe8 {[%clk 0:16:00]} 26. Qxd4
{[%clk 0:07:01]} Bxf3+ {[%clk 0:11:39]} 27. Kg1 {[%clk 0:07:26]} Qg6+ {[%clk
0:11:53]} 28. Kf2 {[%clk 0:07:51]} Qg2+ {[%clk 0:10:46]} 29. Ke3 {[%clk
0:08:16]} Bd5 {[%clk 0:07:04]} 30. Qf4 {[%clk 0:06:22]} Qg1+ {[%clk 0:05:40]}
31. Qf2 {[%clk 0:06:36]} Qg5+ {[%clk 0:04:17]} 32. Qf4 {[%clk 0:07:02]} Qd8
{[%clk 0:04:24]} 33. b3 {[%clk 0:04:45]} Qe8+ {[%clk 0:03:52]} 34. Kd2 {[%clk
0:05:01]} c6 {[%clk 0:03:41]} 35. Kc1 {[%clk 0:01:32]} h6 {[%clk 0:04:05]} 36.
Kb2 {[%clk 0:01:57]} Qe2 {[%clk 0:02:26]} 37. Qd2 {[%clk 0:02:07]} Qxd2 {[%clk
0:01:42]} 38. Bxd2 {[%clk 0:02:33]} Kf7 {[%clk 0:02:09]} 39. Kc3 {[%clk
0:02:21]} Ke6 {[%clk 0:02:36]} 40. Kd4 {[%clk 0:02:38]} Kd7 {[%clk 0:02:43]}
41. Bf4 {[%clk 0:02:47]} Kc8 {[%clk 0:02:58]} 42. a4 {[%clk 0:03:02]} Kb7
{[%clk 0:03:22]} 43. c4 {[%clk 0:03:26]} Bf3 {[%clk 0:03:01]} 44. b4 {[%clk
0:03:48]} Bd1 {[%clk 0:02:30]} 45. a5 {[%clk 0:03:05]} Ka6 {[%clk 0:02:48]} 46.
Kc5 {[%clk 0:03:19]} Be2 {[%clk 0:03:11]} 47. Bd6 {[%clk 0:01:24]} h5 {[%clk
0:03:34]} 1/2-1/2

[Event "DEM U18 2022"]
[Site "Willingen GER"]
[Date "2022.06.05"]
[Round "1"]
[White "Zackrisson, Peter"]
[Black "Dobrikov, Marco"]
[Result "1/2-1/2"]
[Termination "normal"]
[Board "8"]
[BlackTitle "FM"]
[WhiteElo "2020"]
[BlackElo "2234"]
[WhiteClock "00:13:31"]
[BlackClock "00:18:57"]
[PlyCount "106"]
[WhiteFideId "16282078"]
[BlackFideId "12950378"]
[EventCountry "GER"]
[EventRounds "9"]
[EventType "swiss"]
[EventDate "2022.06.04"]

1. d4 {[%clk 1:30:57]} Nf6 {[%clk 1:30:42]} 2. c4 {[%clk 1:31:18]} g6 {[%clk
1:30:29]} 3. g3 {[%clk 1:31:30]} Bg7 {[%clk 1:30:28]} 4. Bg2 {[%clk 1:31:51]}
O-O {[%clk 1:23:30]} 5. Nc3 {[%clk 1:29:43]} d6 {[%clk 1:23:49]} 6. Nf3 {[%clk
1:30:01]} Nbd7 {[%clk 1:15:37]} 7. O-O {[%clk 1:26:02]} c6 {[%clk 1:15:32]} 8.
e4 {[%clk 1:25:47]} e5 {[%clk 1:15:44]} 9. Re1 {[%clk 1:22:05]} Re8 {[%clk
1:15:28]} 10. h3 {[%clk 1:21:13]} a6 {[%clk 1:12:20]} 11. dxe5 {[%clk 1:14:52]}
dxe5 {[%clk 1:11:59]} 12. Be3 {[%clk 1:13:42]} b5 {[%clk 1:05:55]} 13. c5
{[%clk 1:02:24]} a5 {[%clk 0:59:14]} 14. Qc2 {[%clk 0:57:58]} Qc7 {[%clk
0:58:33]} 15. a4 {[%clk 0:55:21]} b4 {[%clk 0:58:26]} 16. Nb1 {[%clk 0:55:36]}
b3 {[%clk 0:50:02]} 17. Qxb3 {[%clk 0:52:05]} Nxe4 {[%clk 0:50:29]} 18. Qc2
{[%clk 0:47:32]} Nef6 {[%clk 0:50:03]} 19. Nbd2 {[%clk 0:36:56]} Nd5 {[%clk
0:47:38]} 20. Nc4 {[%clk 0:35:16]} Ba6 {[%clk 0:41:56]} 21. Nd6 {[%clk
0:29:26]} Rf8 {[%clk 0:41:39]} 22. Bd2 {[%clk 0:26:51]} Rab8 {[%clk 0:40:46]}
23. Rab1 {[%clk 0:17:42]} Nb4 {[%clk 0:33:18]} 24. Bxb4 {[%clk 0:18:00]} Rxb4
{[%clk 0:33:47]} 25. Re4 {[%clk 0:11:55]} Qb8 {[%clk 0:30:38]} 26. Nd2 {[%clk
0:10:36]} Kh8 {[%clk 0:12:48]} 27. Qc3 {[%clk 0:02:57]} Rxe4 {[%clk 0:09:06]}
28. Bxe4 {[%clk 0:03:03]} Qc7 {[%clk 0:09:27]} 29. Nb3 {[%clk 0:02:54]} f5
{[%clk 0:09:24]} 30. Bg2 {[%clk 0:02:42]} e4 {[%clk 0:09:11]} 31. Qxa5 {[%clk
0:02:55]} Qxa5 {[%clk 0:09:40]} 32. Nxa5 {[%clk 0:03:23]} Nxc5 {[%clk 0:10:00]}
33. b4 {[%clk 0:02:44]} Nxa4 {[%clk 0:10:16]} 34. Nxc6 {[%clk 0:02:57]} Nc3
{[%clk 0:09:55]} 35. b5 {[%clk 0:01:34]} Nxb1 {[%clk 0:08:52]} 36. bxa6 {[%clk
0:01:58]} Ra8 {[%clk 0:08:52]} 37. a7 {[%clk 0:01:34]} Bf8 {[%clk 0:04:59]} 38.
Nb5 {[%clk 0:01:50]} Bc5 {[%clk 0:05:17]} 39. Nc7 {[%clk 0:01:37]} Rxa7 {[%clk
0:05:45]} 40. Nxa7 {[%clk 0:01:59]} Bxa7 {[%clk 0:06:15]} 41. Nb5 {[%clk
0:00:41]} Bc5 {[%clk 0:06:24]} 42. Kf1 {[%clk 0:30:29]} Kg7 {[%clk 0:36:25]}
43. f3 {[%clk 0:27:59]} e3 {[%clk 0:32:48]} 44. f4 {[%clk 0:24:20]} Nd2+ {[%clk
0:32:50]} 45. Ke2 {[%clk 0:24:39]} Nb3 {[%clk 0:33:06]} 46. Nc3 {[%clk
0:19:07]} Bd4 {[%clk 0:31:51]} 47. Na2 {[%clk 0:19:24]} h5 {[%clk 0:30:06]} 48.
Bd5 {[%clk 0:18:26]} Nc5 {[%clk 0:30:35]} 49. Nb4 {[%clk 0:17:43]} Na4 {[%clk
0:30:49]} 50. Bf3 {[%clk 0:16:38]} Ba7 {[%clk 0:19:46]} 51. Nc2 {[%clk
0:16:00]} Nc5 {[%clk 0:18:57]} 52. Nxe3 {[%clk 0:15:19]} Ne6 {[%clk 0:19:24]}
53. Bd5 {[%clk 0:13:31]} Kf6 {[%clk 0:18:57]} 1/2-1/2

[Event "DEM U18 2022"]
[Site "Willingen GER"]
[Date "2022.06.05"]
[Round "1"]
[White "Hinrichs, Paul"]
[Black "Kallweit, Paul"]
[Result "1-0"]
[Termination "normal"]
[Board "9"]
[WhiteElo "2225"]
[BlackElo "1863"]
[WhiteClock "00:10:40"]
[BlackClock "00:00:55"]
[PlyCount "75"]
[WhiteFideId "12942545"]
[BlackFideId "16228081"]
[EventCountry "GER"]
[EventRounds "9"]
[EventType "swiss"]
[EventDate "2022.06.04"]

1. d4 {[%clk 1:30:57]} d5 {[%clk 1:30:46]} 2. c4 {[%clk 1:31:21]} c6 {[%clk
1:31:01]} 3. e3 {[%clk 1:30:57]} Nf6 {[%clk 1:31:08]} 4. Nf3 {[%clk 1:31:17]}
Nbd7 {[%clk 1:13:36]} 5. Nc3 {[%clk 1:29:17]} e6 {[%clk 1:13:04]} 6. Bd3 {[%clk
1:29:08]} dxc4 {[%clk 1:09:54]} 7. Bxc4 {[%clk 1:28:09]} b5 {[%clk 1:08:16]} 8.
Bd3 {[%clk 1:28:26]} Bb7 {[%clk 1:05:59]} 9. e4 {[%clk 1:28:19]} b4 {[%clk
0:54:47]} 10. e5 {[%clk 1:02:17]} bxc3 {[%clk 0:44:41]} 11. exf6 {[%clk
1:02:06]} cxb2 {[%clk 0:24:48]} 12. fxg7 {[%clk 1:00:21]} Bxg7 {[%clk 0:21:54]}
13. Bxb2 {[%clk 1:00:35]} Qa5+ {[%clk 0:20:44]} 14. Nd2 {[%clk 0:59:40]} c5
{[%clk 0:19:36]} 15. O-O {[%clk 0:52:59]} Bxd4 {[%clk 0:10:37]} 16. Nc4 {[%clk
0:50:18]} Qc7 {[%clk 0:10:22]} 17. Bxd4 {[%clk 0:44:58]} cxd4 {[%clk 0:10:50]}
18. Qg4 {[%clk 0:43:43]} Nc5 {[%clk 0:07:13]} 19. Rab1 {[%clk 0:28:00]} Bd5
{[%clk 0:03:56]} 20. Qxd4 {[%clk 0:25:06]} Rg8 {[%clk 0:03:37]} 21. Ne3 {[%clk
0:23:39]} Nxd3 {[%clk 0:01:14]} 22. Nxd5 {[%clk 0:20:56]} exd5 {[%clk 0:00:39]}
23. Qxd3 {[%clk 0:21:24]} Rg5 {[%clk 0:00:37]} 24. Qxh7 {[%clk 0:20:43]} Ke7
{[%clk 0:00:39]} 25. Rfc1 {[%clk 0:18:21]} Qd7 {[%clk 0:00:44]} 26. Re1+ {[%clk
0:18:44]} Kf6 {[%clk 0:00:52]} 27. Rb3 {[%clk 0:18:15]} Qf5 {[%clk 0:00:39]}
28. Qh6+ {[%clk 0:16:55]} Rg6 {[%clk 0:00:42]} 29. Qh4+ {[%clk 0:16:51]} Kg7
{[%clk 0:00:57]} 30. Qd4+ {[%clk 0:17:16]} Kg8 {[%clk 0:00:54]} 31. Rbe3 {[%clk
0:16:13]} Re6 {[%clk 0:00:35]} 32. Rg3+ {[%clk 0:14:03]} Rg6 {[%clk 0:00:45]}
33. Rxg6+ {[%clk 0:13:01]} fxg6 {[%clk 0:01:13]} 34. h4 {[%clk 0:12:18]} Qf7
{[%clk 0:00:43]} 35. Re5 {[%clk 0:11:02]} Rd8 {[%clk 0:01:01]} 36. h5 {[%clk
0:10:05]} gxh5 {[%clk 0:01:01]} 37. Rg5+ {[%clk 0:10:27]} Kh7 {[%clk 0:00:55]}
38. Qh4 {[%clk 0:10:40]} 1-0